Tilastot visalle Neuvostoliiton valtiot

Klikkaa tästä pelataksesi tätä visaa!

Yleistilastot

  • Tätä visaa on pelattu 2 360 kertaa
  • Keskiarvotulos 12 / 15

Vastaustilastot

Valtio% Oikein
Latvia
97%
Liettua
96%
Viro
96%
Ukraina
94%
Valko-Venäjä
90%
Kazakstan
88%
Venäjä
82%
Georgia
79%
Uzbekistan
77%
Armenia
76%
Azerbaidžan
75%
Turkmenistan
74%
Moldova
73%
Kirgisia
71%
Tadžikistan
69%

Tulosjakauma

Persentiili vastausten määrän mukaan

Jokaisen tuloksen saaneiden osuus

Tuloshistoriasi

Et ole pelannut tätä visaa